000 01419nam a2200337 a 4500
001
003 DO-SdBNP
005 20220916113710.0
008 081204s2007 dr 001 0 spa d
020 _a9789945020212
040 _aDO-SdBNP
_bspa
_cBPMSU
082 _a972.9302
_bC322c 2007
_222
245 0 0 _a Cartas del Cabildo de Santo domingo en el siglo XVII /
_ccompilador Genaro Rodríguez Morel.
260 _aSanto Domingo :
_bArchivo General de la Nación,
_c2007
300 _a440 p. ;
_c25 cm.
490 0 _aArchivo General de la Nación,
_v34
490 0 _aAcademia Dominicana de la Historia
_v30
500 _aIncluye índices
500 _aIncluye referencias bibliográficas y notas al pie de las páginas
590 _6Inventariado, 2022/VM
610 1 4 _aSanto Domingo, (República Dominicana).
_bCabildo Municipal
_vRegistros y correspondencia.
651 4 _aRepública Dominicana
_xHistoria
_yPeriódo colonial,1547-1575
_vFuentes
651 4 _aSanto Domingo (República Dominicana)
_xPolítica y gobierno.
_v Fuentes.
700 1 _aRodríguez Morel, Genaro
_ecomp.
710 2 _aArchivo General de la Nación (República Dominicana)
710 2 _aAcademia Dominicana de la Historia
710 2 _aSanto Domingo (República Dominicana ).
_bCabildo Municipal
830 0 _a Publicaciones del Archivo General de la Nación (República Dominicana)
_vv 34.
910 _aVMateo V.
942 _2ddc
_cBK
999 _c14263
_d14263